[Event "USCF Correspondence 09ns04"]
[Site "corr"]
[Date "2010.??.??"]
[Round "?"]
[White "Tracz, James"]
[Black "Walker Elias, Daniel"]
[Result "1-0"]
[WhiteElo "2391"]
[BlackElo "1970"]
[PlyCount "99"]
[EventDate "2010.08.02"]
[EventType "tourn (corr)"]
[SourceTitle "Telechess CBM 151"]
[Source "ChessBase"]
[SourceDate "2012.11.13"]
[SourceVersion "1"]
[SourceVersionDate "2012.11.13"]
[SourceQuality "1"]

1. d4 d5 2. c4 dxc4 3. e4 e5 4. Nf3 exd4 5. Bxc4 Bb4+ 6. Bd2 Bxd2+ 7. Nbxd2 Nc6 8. 0-0 Nf6 9. e5 Nd5 10. Qb3 Na5 11. Qb5+ c6 12. Qc5 Bg4 13. Bxd5 Qxd5 14. Qxd5 cxd5 15. Nxd4 Nc6 16. N2b3 Nxd4 17. Nxd4 Ke7 18. h3 Bd7 19. f4 Rac8 20. f5 Rhe8 21. Rad1 g6 22. g4 gxf5 23. gxf5 Rg8+ 24. Kf2 Rg5 25. Rg1 Rcg8 26. Rc1 Rxg1 27. Rxg1 Rxg1 28. Kxg1 a5 29. Kf2 f6 30. e6 Be8 31. Ke3 Kd6 32. b3 a4 33. Kf4 axb3 34. axb3 Kc5 35. Nf3 h5 36. Ke3 Kd6 37. Nd4 Ke5 38. h4 b6 39. Kd3 Kf4 40. e7 Ke5 41. Ne6 Bb5+ 42. Kc3 Kd6 43. Ng7 Kxe7 44. Nxh5 Bd7 45. Ng3 Kf8 46. Kd4 Bc6 47. b4 Bb7 48. Nf1 b5 49. Ne3 Kg7 50. Nxd5 1-0